[Event "Fouesnant op 14th"]
[Site "Fouesnant"]
[Date "2008.10.30"]
[Round "7"]
[White "Smolyaninova, Marina"]
[Black "Bertrand, Nicolas"]
[Result "1-0"]
[WhiteElo "2013"]
[BlackElo "1934"]
[PlyCount "81"]
[EventDate "2008.10.25"]
[EventType "swiss"]
[EventRounds "9"]
[EventCountry "FRA"]
[SourceTitle "EXT 2009"]
[Source "ChessBase"]
[SourceDate "2008.11.26"]
[SourceVersion "1"]
[SourceVersionDate "2008.11.26"]
[SourceQuality "1"]

1. c4 Nf6 2. Nc3 g6 3. e4 d6 4. g3 Bg7 5. Bg2 0-0 6. Nge2 e5 7. 0-0 Nbd7 8. d3 a5 9. f4 c6 10. h3 b5 11. Be3 Ba6 12. f5 Qc7 13. b3 b4 14. Na4 d5 15. g4 h6 16. g5 hxg5 17. Bxg5 Nh7 18. Qd2 f6 19. Be3 d4 20. fxg6 dxe3 21. gxh7+ Kxh7 22. Qxe3 Bh6 23. Qf2 Rg8 24. Kh1 Kg7 25. Ng3 Bg5 26. Nh5+ Kh6 27. Bf3 Qa7 28. Qxa7 Rxa7 29. Bg4 Kg6 30. Rf3 Rh8 31. Ng3 Bc8 32. Rd1 Rc7 33. Kg2 Nf8 34. Bxc8 Rxc8 35. Nc5 Rh7 36. Nf5 Rd8 37. d4 Kf7 38. Nb7 Rd7 39. Nbd6+ Kg8 40. dxe5 fxe5 41. Rg3 1-0

[Event "Fouesnant op 14th"]
[Site "Fouesnant"]
[Date "2008.10.28"]
[Round "5"]
[White "Smolyaninova, Marina"]
[Black "Grego, Pierre"]
[Result "1/2-1/2"]
[WhiteElo "2013"]
[BlackElo "1903"]
[PlyCount "66"]
[EventDate "2008.10.25"]
[EventType "swiss"]
[EventRounds "9"]
[EventCountry "FRA"]
[SourceTitle "EXT 2009"]
[Source "ChessBase"]
[SourceDate "2008.11.26"]
[SourceVersion "1"]
[SourceVersionDate "2008.11.26"]
[SourceQuality "1"]

1. Nf3 f5 2. e4 fxe4 3. Ng5 Nf6 4. d3 e5 5. Nc3 Bb4 6. Bd2 d5 7. dxe4 h6 8. Nf3 d4 9. Nb1 Bd6 10. Bd3 Be6 11. c3 c5 12. Na3 Nc6 13. 0-0 0-0 14. Nh4 Qe8 15. Qe2 Qh5 16. Qxh5 Nxh5 17. Nc4 Bc7 18. cxd4 exd4 19. Ng6 Rf6 20. e5 Rxg6 21. Bxg6 Bxc4 22. Rfc1 Bf7 23. Bxf7+ Kxf7 24. Rxc5 Bxe5 25. f4 Nxf4 26. Bxf4 Bf6 27. Rd5 Re8 28. Rd7+ Re7 29. Rxe7+ Kxe7 30. Re1+ Kd7 31. Rd1 Ke6 32. Kf2 Kd5 33. Kf3 a6 1/2-1/2

[Event "Lipetsk Region-ch op"]
[Site "Lipetsk"]
[Date "2008.10.19"]
[Round "2"]
[White "Smolyaninova, Marina"]
[Black "Torshin, Anton1111"]
[Result "1-0"]
[WhiteElo "2013"]
[BlackElo "1732"]
[PlyCount "59"]
[EventDate "2008.10.18"]
[EventType "swiss"]
[EventRounds "9"]
[EventCountry "RUS"]
[SourceTitle "EXT 2022"]
[Source "ChessBase"]
[SourceDate "2021.10.06"]
[SourceVersion "1"]
[SourceVersionDate "2021.10.06"]
[SourceQuality "1"]

1. Nf3 Nf6 2. g3 g6 3. Bg2 Bg7 4. 0-0 0-0 5. d4 d6 6. c4 Nc6 7. Nc3 a6 8. Re1 Rb8 9. Rb1 b5 10. cxb5 axb5 11. b4 Nd7 12. Bg5 Qe8 13. Nd5 Rb7 14. Rc1 Nb6 15. Nxb6 Rxb6 16. Qd2 Qd7 17. Rc2 Bb7 18. Rec1 Rc8 19. Be3 Ra6 20. Ng5 Nd8 21. Bh3 e6 22. d5 Qe7 23. dxe6 fxe6 24. Qd3 Bc6 25. Rxc6 Rxc6 26. Rxc6 h6 27. Nxe6 Nxe6 28. Qxg6 Re8 29. Bxh6 Qd7 30. Rxc7 1-0

[Event "RUS-ch (Women) 1st League 58th"]
[Site "Smolensk"]
[Date "2008.03.05"]
[Round "8"]
[White "Shabrina, Tatiana"]
[Black "Smolyaninova, Marina"]
[Result "0-1"]
[WhiteElo "1903"]
[BlackElo "2004"]
[PlyCount "48"]
[EventDate "2008.02.27"]
[EventType "swiss"]
[EventRounds "9"]
[EventCountry "RUS"]
[SourceTitle "CBM 123 Extra"]
[Source "ChessBase"]
[SourceDate "2008.05.06"]
[SourceVersion "1"]
[SourceVersionDate "2008.05.06"]
[SourceQuality "1"]

1. e4 c5 2. Nf3 d6 3. d4 cxd4 4. Nxd4 Nf6 5. Nc3 g6 6. f3 Bg7 7. Be3 a6 8. Qd2 b5 9. g4 Bb7 10. h4 h5 11. gxh5 Nxh5 12. Nce2 Nd7 13. 0-0-0 Ne5 14. Bg5 Rc8 15. Bh3 Rc5 16. Rhg1 Qc7 17. f4 Nc4 18. Qd3 Qa5 19. Kb1 Qb4 20. b3 Na3+ 21. Kc1 Bxd4 22. Nxd4 Qxd4 23. b4 Qxb4 24. e5 Rxc2+ 0-1

[Event "RUS-ch (Women) 1st League 58th"]
[Site "Smolensk"]
[Date "2008.03.03"]
[Round "6"]
[White "Repina, Varvara"]
[Black "Smolyaninova, Marina"]
[Result "1/2-1/2"]
[WhiteElo "2158"]
[BlackElo "2004"]
[PlyCount "144"]
[EventDate "2008.02.27"]
[EventType "swiss"]
[EventRounds "9"]
[EventCountry "RUS"]
[SourceTitle "CBM 123 Extra"]
[Source "ChessBase"]
[SourceDate "2008.05.06"]
[SourceVersion "1"]
[SourceVersionDate "2008.05.06"]
[SourceQuality "1"]

1. d4 Nf6 2. c4 g6 3. Nf3 Bg7 4. g3 d6 5. Nc3 0-0 6. Bg2 Nc6 7. 0-0 a6 8. Nd5 Bg4 9. Ne3 Bd7 10. d5 Na7 11. Rb1 b5 12. b3 Rb8 13. Nd4 bxc4 14. Nxc4 e6 15. dxe6 fxe6 16. e4 Nb5 17. Bb2 Nxd4 18. Qxd4 Nh5 19. Qd3 Qe7 20. f4 Rf7 21. a4 Rbf8 22. Bxg7 Nxg7 23. e5 d5 24. Ne3 Qc5 25. Rfc1 Qb6 26. Kh1 Rb8 27. Ng4 Nf5 28. Nf6+ Kg7 29. g4 Nd4 30. a5 Qa7 31. Qh3 h6 32. g5 h5 33. Bxd5 Ne2 34. Rf1 Qc5 35. b4 Qb5 36. Be4 Qc4 37. Qb3 Qxb3 38. Rxb3 Ba4 39. Rb2 Bb5 40. Rf2 Nc3 41. Bf3 Na4 42. Rbc2 Bd3 43. Rcd2 Bf5 44. Rd4 c5 45. bxc5 Nxc5 46. Rf1 Rb5 47. Rd8 Rf8 48. Rxf8 Kxf8 49. Bc6 Rxa5 50. Rd1 Nd3 51. Kg1 Ra2 52. Be4 Bxe4 53. Nxe4 Nxf4 54. Rf1 Rg2+ 55. Kh1 Rg4 56. Nf2 Rxg5 57. Nd3 Rf5 58. Rxf4 Rxf4 59. Nxf4 Kf7 60. Kg2 a5 61. Nd3 g5 62. Nc5 Kg6 63. Nxe6 a4 64. Nd4 a3 65. e6 a2 66. e7 Kf7 67. Nc2 Kxe7 68. Kf3 Kf6 69. Ke4 Ke6 70. Na1 Kf6 71. Nc2 Ke6 72. Na1 Kf6 1/2-1/2

[Event "RUS-ch (Women) 1st League 58th"]
[Site "Smolensk"]
[Date "2008.02.28"]
[Round "2"]
[White "Yanovskaya, Olesia"]
[Black "Smolyaninova, Marina"]
[Result "1-0"]
[WhiteElo "1904"]
[BlackElo "2004"]
[PlyCount "63"]
[EventDate "2008.02.27"]
[EventType "swiss"]
[EventRounds "9"]
[EventCountry "RUS"]
[SourceTitle "CBM 123 Extra"]
[Source "ChessBase"]
[SourceDate "2008.05.06"]
[SourceVersion "1"]
[SourceVersionDate "2008.05.06"]
[SourceQuality "1"]

1. e4 c5 2. Nc3 Nc6 3. f4 g6 4. Nf3 Bg7 5. Bb5 e6 6. Bxc6 dxc6 7. 0-0 Ne7 8. d3 0-0 9. g4 f5 10. gxf5 exf5 11. e5 Nd5 12. Nxd5 cxd5 13. d4 b6 14. Be3 Ba6 15. Rf2 Rc8 16. h4 cxd4 17. Bxd4 Re8 18. h5 Rc6 19. Rg2 Bh6 20. Be3 Kf7 21. Nd4 Rc4 22. hxg6+ hxg6 23. Nxf5 Bxf4 24. Nd6+ Qxd6 25. exd6 Bxe3+ 26. Kh1 Bb7 27. Qf3+ Rf4 28. Qh3 Kf6 29. d7 Rf8 30. Qxe3 g5 31. Re1 Kg6 32. d8Q 1-0

[Event "Lipetsk Region-ch sf"]
[Site "Lipetsk"]
[Date "2007.10.21"]
[Round "9"]
[White "Smolyaninova, Marina"]
[Black "Glukhov, Vladimir1111"]
[Result "1-0"]
[WhiteElo "1954"]
[BlackElo "2022"]
[PlyCount "88"]
[EventDate "2007.09.25"]
[EventType "swiss"]
[EventRounds "9"]
[EventCountry "RUS"]
[SourceTitle "EXT 2022"]
[Source "ChessBase"]
[SourceDate "2021.10.06"]
[SourceVersion "1"]
[SourceVersionDate "2021.10.06"]
[SourceQuality "1"]

1. c4 f5 2. Nc3 Nf6 3. g3 e5 4. d3 Nc6 5. Bg2 Be7 6. e3 0-0 7. Nge2 d6 8. 0-0 Be6 9. Nd5 Kh8 10. Nec3 Qd7 11. Nxe7 Qxe7 12. a3 Rae8 13. b4 Nd8 14. Qe2 Bf7 15. Bb2 c6 16. b5 Qd7 17. a4 Ne6 18. a5 f4 19. a6 Bh5 20. Bf3 Bxf3 21. Qxf3 Ng5 22. Qh1 Nh3+ 23. Kg2 f3+ 24. Kxf3 Qg4+ 25. Kg2 Ng5 26. f3 Qf5 27. e4 Qh3+ 28. Kg1 bxa6 29. bxa6 Rb8 30. Bc1 Rb3 31. Bxg5 Rxc3 32. Rfd1 Nd7 33. Qg2 Qh5 34. f4 Rf7 35. Qb2 h6 36. Qxc3 hxg5 37. f5 g6 38. Rf1 Qe2 39. Rae1 Qa2 40. fxg6 Rf6 41. Qb4 Qxa6 42. Rxf6 Nxf6 43. Qxd6 Qb6+ 44. c5 Qb4 1-0

[Event "Lipetsk Region-ch sf"]
[Site "Lipetsk"]
[Date "2007.10.09"]
[Round "5"]
[White "Smolyaninova, Marina"]
[Black "Stakanov, Viktor"]
[Result "1-0"]
[WhiteElo "1954"]
[BlackElo "2073"]
[PlyCount "91"]
[EventDate "2007.09.25"]
[EventType "swiss"]
[EventRounds "9"]
[EventCountry "RUS"]
[SourceTitle "EXT 2022"]
[Source "ChessBase"]
[SourceDate "2021.10.06"]
[SourceVersion "1"]
[SourceVersionDate "2021.10.06"]
[SourceQuality "1"]

1. c4 e5 2. Nc3 Nf6 3. e4 Bb4 4. Nge2 Nc6 5. a3 Bxc3 6. Nxc3 Nd4 7. d3 h6 8. Ne2 Nxe2 9. Bxe2 0-0 10. 0-0 d6 11. f4 exf4 12. Bxf4 Nh7 13. Qe1 f5 14. Qg3 g5 15. Bd2 Bd7 16. Rae1 fxe4 17. dxe4 Qe7 18. Bd3 Rxf1+ 19. Rxf1 Bc6 20. Qh3 Bxe4 21. Re1 d5 22. Bxe4 dxe4 23. Qxh6 Rf8 24. Qg6+ Qg7 25. Qxg7+ Kxg7 26. Rxe4 Rf7 27. Rg4 Kg6 28. Rg3 a6 29. h4 Rf5 30. Bxg5 Nxg5 31. Rxg5+ Rxg5 32. hxg5 Kxg5 33. Kf2 Kf4 34. b4 b6 35. a4 c6 36. b5 cxb5 37. cxb5 axb5 38. axb5 Ke4 39. Ke2 Kd4 40. g4 Ke4 41. g5 Kf5 42. Kd3 Kxg5 43. Kd4 Kf6 44. Kd5 Ke7 45. Kc6 Kd8 46. Kxb6 1-0

[Event "Lipetsk Region-ch sf"]
[Site "Lipetsk"]
[Date "2007.10.03"]
[Round "4"]
[White "Shlyakova, Elena"]
[Black "Smolyaninova, Marina"]
[Result "0-1"]
[WhiteElo "2091"]
[BlackElo "1954"]
[PlyCount "58"]
[EventDate "2007.09.25"]
[EventType "swiss"]
[EventRounds "9"]
[EventCountry "RUS"]
[SourceTitle "EXT 2022"]
[Source "ChessBase"]
[SourceDate "2021.10.06"]
[SourceVersion "1"]
[SourceVersionDate "2021.10.06"]
[SourceQuality "1"]

1. d4 Nf6 2. c4 g6 3. Nc3 Bg7 4. e4 d6 5. f4 0-0 6. Nf3 c5 7. dxc5 Qa5 8. Bd3 Qxc5 9. Qe2 Nc6 10. Be3 Qa5 11. Rd1 Ng4 12. Bd2 Qh5 13. Bb1 Nd4 14. Qd3 Nxf3+ 15. Qxf3 Bd4 16. Bc1 e5 17. Nd5 Qh4+ 18. g3 Qh3 19. Rd2 Be6 20. f5 Bxd5 21. exd5 Be3 22. Rc2 Bc5 23. Re2 Rac8 24. Bd3 b5 25. b3 bxc4 26. Bxc4 e4 27. Qf4 Rce8 28. a3 Re5 29. Rxe4 Qg2 0-1

[Event "Lipetsk Region-ch sf"]
[Site "Lipetsk"]
[Date "2007.09.26"]
[Round "2"]
[White "Kasantsev, Anatolij B"]
[Black "Smolyaninova, Marina"]
[Result "0-1"]
[WhiteElo "2138"]
[BlackElo "1954"]
[PlyCount "118"]
[EventDate "2007.09.25"]
[EventType "swiss"]
[EventRounds "9"]
[EventCountry "RUS"]
[SourceTitle "EXT 2022"]
[Source "ChessBase"]
[SourceDate "2021.10.06"]
[SourceVersion "1"]
[SourceVersionDate "2021.10.06"]
[SourceQuality "1"]

1. d4 Nf6 2. c4 g6 3. Nc3 Bg7 4. e4 d6 5. f3 0-0 6. Bg5 c5 7. d5 a6 8. a4 e6 9. Qd2 exd5 10. cxd5 Nbd7 11. Nh3 Rb8 12. Be2 Re8 13. 0-0 Nf8 14. Nf2 Bd7 15. a5 Qc7 16. f4 h6 17. Bh4 N6h7 18. Bg3 f5 19. Bc4 fxe4 20. Nfxe4 Bf5 21. Rfe1 Nd7 22. Bf2 Nhf6 23. Ng3 Ng4 24. Nxf5 gxf5 25. Kh1 Nxf2+ 26. Qxf2 Nf6 27. h3 Ne4 28. Nxe4 fxe4 29. Ra3 Bd4 30. Qh4 Kh7 31. f5 Qe7 32. Qh5 Rg8 33. Bd3 Qg5 34. Qxg5 Rxg5 35. Bxe4 Bxb2 36. Rb3 Be5 37. Reb1 Rg3 38. Rxb7+ Rxb7 39. Rxb7+ Kg8 40. Bf3 Rg7 41. Rb6 Rc7 42. Rxa6 c4 43. Rc6 Ra7 44. a6 c3 45. Be4 Kf7 46. Kg1 Kf6 47. Kf1 Kg5 48. Ke2 Kf4 49. Bd3 Re7 50. Kd1 Ke3 51. Kc2 Rg7 52. g4 h5 53. Rc4 Bd4 54. Be2 hxg4 55. Bxg4 Ra7 56. Rc6 Be5 57. Kb3 Ra8 58. Rb6 Kd2 59. Rc6 Rb8+ 0-1

[Event "Lipetsk King's Gambit op-C"]
[Site "Lipetsk"]
[Date "2007.06.30"]
[Round "8"]
[White "Mukhin, Alexey A"]
[Black "Smolyaninova, Marina"]
[Result "1/2-1/2"]
[WhiteElo "2015"]
[BlackElo "1945"]
[PlyCount "88"]
[EventDate "2007.06.22"]
[EventType "swiss"]
[EventRounds "9"]
[EventCountry "RUS"]
[SourceTitle "EXT 2022"]
[Source "ChessBase"]
[SourceDate "2021.10.06"]
[SourceVersion "1"]
[SourceVersionDate "2021.10.06"]
[SourceQuality "1"]

1. e4 c5 2. Nf3 d6 3. d4 cxd4 4. Nxd4 Nf6 5. Nc3 g6 6. Be3 Bg7 7. f3 a6 8. Bc4 b5 9. Bb3 Bb7 10. Qd2 Nbd7 11. 0-0-0 Rc8 12. Kb1 Nc5 13. Bh6 Nxb3 14. axb3 Bxh6 15. Qxh6 Qc7 16. Rd2 b4 17. Na4 Bc6 18. Nxc6 Qxc6 19. Re1 Qb5 20. f4 Qh5 21. Qxh5 Nxh5 22. g3 0-0 23. Nb6 Rc7 24. Nd5 Rb7 25. Rd4 a5 26. Rc4 Rfb8 27. Rc6 Kf8 28. Ra6 Rb5 29. Ne3 R8b6 30. Rxb6 Rxb6 31. Nd5 Rc6 32. g4 Ng7 33. Rc1 Ne6 34. c3 Ke8 35. cxb4 Rxc1+ 36. Kxc1 axb4 37. Kd2 Nc5 38. Ke3 Nxb3 39. Nxb4 Kd7 40. Nc2 e5 41. Nb4 Na5 42. Nd5 Nc4+ 43. Kf3 Nxb2 44. Nf6+ Ke7 1/2-1/2

[Event "Lipetsk King's Gambit op-C"]
[Site "Lipetsk"]
[Date "2007.06.24"]
[Round "3"]
[White "Smolyaninova, Marina"]
[Black "Morev, Ivan"]
[Result "1/2-1/2"]
[WhiteElo "1945"]
[BlackElo "2192"]
[PlyCount "48"]
[EventDate "2007.06.22"]
[EventType "swiss"]
[EventRounds "9"]
[EventCountry "RUS"]
[SourceTitle "EXT 2022"]
[Source "ChessBase"]
[SourceDate "2021.10.06"]
[SourceVersion "1"]
[SourceVersionDate "2021.10.06"]
[SourceQuality "1"]

1. c4 g6 2. Nc3 Bg7 3. e4 c5 4. d3 Nc6 5. g3 Nf6 6. Bg2 0-0 7. Nge2 Ne8 8. 0-0 Nc7 9. f4 Ne6 10. Rb1 d6 11. a3 a5 12. Be3 Ned4 13. Bf2 Bg4 14. Bxd4 Nxd4 15. h3 Bxe2 16. Nxe2 b5 17. b3 Nxe2+ 18. Qxe2 Rb8 19. Kh2 Bd4 20. f5 Be5 21. cxb5 a4 22. bxa4 Qa5 23. Qc2 Ra8 24. b6 Qxa4 1/2-1/2

[Event "RUS Central Region-ch (Women) "]
[Site "Tula"]
[Date "2007.03.18"]
[Round "3"]
[White "Kosolapova, Lilia"]
[Black "Smolyaninova, Marina"]
[Result "0-1"]
[WhiteElo "1910"]
[BlackElo "1945"]
[PlyCount "48"]
[EventDate "2007.03.17"]
[EventType "swiss"]
[EventRounds "9"]
[EventCountry "RUS"]
[SourceTitle "EXT 2010"]
[Source "ChessBase"]
[SourceDate "2010.11.25"]
[SourceVersion "1"]
[SourceVersionDate "2010.11.25"]
[SourceQuality "1"]

1. d4 Nf6 2. c4 g6 3. Nc3 Bg7 4. e4 d6 5. f3 0-0 6. Be3 Nc6 7. Qd2 a6 8. 0-0-0 Rb8 9. g4 e5 10. d5 Nd4 11. Bxd4 exd4 12. Nce2 c5 13. dxc6 bxc6 14. Nxd4 Qb6 15. Nb3 Be6 16. g5 Nh5 17. f4 a5 18. Nd4 Nxf4 19. h3 d5 20. exd5 cxd5 21. Rh2 Be5 22. Ngf3 Bc7 23. Nxe6 Nxe6 24. cxd5 Bf4 0-1

[Event "RUS Central Region-ch U16 Girls"]
[Site "Tula"]
[Date "2004.11.04"]
[Round "3"]
[White "Ivanova, Anna"]
[Black "Smolyaninova, Marina"]
[Result "1-0"]
[WhiteElo "2046"]
[BlackElo "1941"]
[PlyCount "53"]
[EventDate "2004.11.02"]
[EventType "swiss"]
[EventRounds "9"]
[EventCountry "RUS"]
[SourceTitle "EXT 2006"]
[Source "ChessBase"]
[SourceDate "2005.11.24"]
[SourceVersion "1"]
[SourceVersionDate "2005.11.24"]
[SourceQuality "1"]

1. e4 c5 2. c3 d6 3. d4 Nf6 4. Bd3 Nc6 5. Nf3 Bg4 6. d5 Ne5 7. Nxe5 Bxd1 8. Bb5+ Qd7 9. Nxd7 Nxd7 10. Kxd1 0-0-0 11. Bxd7+ Kxd7 12. Be3 e6 13. dxe6+ fxe6 14. Kc2 Be7 15. c4 Rhf8 16. Rd1 Kc6 17. Nc3 a6 18. a4 b6 19. Rd2 Rb8 20. Rad1 Rfd8 21. f4 Rb7 22. e5 Rbd7 23. exd6 Rxd6 24. Rxd6+ Rxd6 25. Rxd6+ Kxd6 26. Ne4+ Kd7 27. Ng5 1-0

[Event "RUS-ch U16 Girls"]
[Site "Dagomys"]
[Date "2004.04.??"]
[Round "9"]
[White "Smolyaninova, Marina"]
[Black "Savtchenko, Viktoria"]
[Result "0-1"]
[WhiteElo "1930"]
[BlackElo "1998"]
[PlyCount "57"]
[EventDate "2004.04.??"]
[EventType "swiss"]
[EventRounds "10"]
[EventCountry "RUS"]
[SourceTitle "EXT 2005"]
[Source "ChessBase"]
[SourceDate "2004.11.15"]
[SourceVersion "1"]
[SourceVersionDate "2004.11.15"]
[SourceQuality "1"]

1. c4 e6 2. Nc3 d5 3. cxd5 exd5 4. d4 Nf6 5. g3 c6 6. Bg2 Be7 7. Nf3 0-0 8. 0-0 Nbd7 9. Bg5 Re8 10. Rc1 h6 11. Bf4 Nf8 12. Re1 Ng6 13. Bd2 Bf5 14. a3 Bd6 15. b4 a6 16. Qb3 Ne4 17. h4 Qf6 18. h5 Nf8 19. Nxe4 dxe4 20. Nh4 Bg4 21. d5 Bxh5 22. dxc6 g5 23. cxb7 Rab8 24. Rc6 gxh4 25. Qd5 hxg3 26. fxg3 e3 27. Qxh5 exd2 28. Rf1 Qd4+ 29. Kh2 0-1